| 000 | 00459nam a2200181Ia 4500 | ||
|---|---|---|---|
| 001 | 14864 | ||
| 005 | 20260306164945.0 | ||
| 008 | 260306t2013||||xx |||||||||||||| ||spa|| | ||
| 041 | _aESP | ||
| 082 |
_a519.5 _bD68 |
||
| 100 |
_aDíaz Mata, Alfredo _eAUT |
||
| 245 | 0 | _aEstadística aplicada a la administración y la economía | |
| 260 | _c2013 | ||
| 300 |
_axxi, 609 páginas : _c27 cm. |
||
| 650 | _aGEN | ||
| 654 | _aCMA | ||
| 942 |
_cLIB _dJUS _fJUS _2ddc _n |
||
| 999 |
_c14864 _d14864 |
||